[Event "Bundesliga 0001"]
[Site "Deutschland"]
[Date "2001.04.01"]
[Round "13.1"]
[White "Hracek, Zbynek"]
[Black "Schlindwein, Rolf"]
[Result "1/2-1/2"]
[WhiteElo "2612"]
[BlackElo "2441"]
[PlyCount "43"]
[EventDate "2000.10.14"]
[EventType "team"]
[EventRounds "15"]
[EventCountry "GER"]
[SourceTitle "Bundesliga 0001"]
[Source "DeepChess"]
[SourceDate "2005.01.01"]
[SourceVersion "1"]
[SourceVersionDate "2005.01.01"]
[SourceQuality "1"]
[WhiteTeam "SAbt SV Werder Bremen"]
[BlackTeam "SF 1982 Baiertal Schatthausen"]
[WhiteTeamCountry "GER"]
[BlackTeamCountry "GER"]

1. e4 e5 2. Nf3 Nc6 3. Bb5 Nf6 4. O-O Nxe4 5. d4 Nd6 6. Bxc6 dxc6 7. dxe5 Nf5
8. Qxd8+ Kxd8 9. Nc3 h6 10. h3 Bd7 11. Ne2 c5 12. Rd1 Kc8 13. b3 g5 14. Bb2 Be6
15. c4 a5 16. Nc3 b6 17. a4 Ne7 18. Ne4 Ng6 19. Nf6 Be7 20. Rd2 Bxf6 21. exf6
Kb7 22. Kf1 1/2-1/2

[Event "Bundesliga 0001"]
[Site "Deutschland"]
[Date "2001.04.01"]
[Round "13.2"]
[White "Doettling, Fabian"]
[Black "Babula, Vlastimil"]
[Result "1/2-1/2"]
[WhiteElo "2473"]
[BlackElo "2582"]
[PlyCount "34"]
[EventDate "2000.10.14"]
[EventType "team"]
[EventRounds "15"]
[EventCountry "GER"]
[SourceTitle "Bundesliga 0001"]
[Source "DeepChess"]
[SourceDate "2005.01.01"]
[SourceVersion "1"]
[SourceVersionDate "2005.01.01"]
[SourceQuality "1"]
[WhiteTeam "SF 1982 Baiertal Schatthausen"]
[BlackTeam "SAbt SV Werder Bremen"]
[WhiteTeamCountry "GER"]
[BlackTeamCountry "GER"]

1. d4 Nf6 2. Nf3 g6 3. c4 Bg7 4. Nc3 O-O 5. e4 d6 6. Be2 e5 7. O-O Nc6 8. d5
Ne7 9. Kh1 Nd7 10. g4 Nc5 11. Rg1 a5 12. Be3 Bd7 13. b3 Kh8 14. Nd2 f5 15. f3
Na6 16. a3 c5 17. Bd3 f4 1/2-1/2

[Event "Bundesliga 0001"]
[Site "Deutschland"]
[Date "2001.04.01"]
[Round "13.3"]
[White "Schandorff, Lars"]
[Black "Berg, Emanuel"]
[Result "1-0"]
[WhiteElo "2520"]
[BlackElo "2456"]
[PlyCount "65"]
[EventDate "2000.10.14"]
[EventType "team"]
[EventRounds "15"]
[EventCountry "GER"]
[SourceTitle "Bundesliga 0001"]
[Source "DeepChess"]
[SourceDate "2005.01.01"]
[SourceVersion "1"]
[SourceVersionDate "2005.01.01"]
[SourceQuality "1"]
[WhiteTeam "SAbt SV Werder Bremen"]
[BlackTeam "SF 1982 Baiertal Schatthausen"]
[WhiteTeamCountry "GER"]
[BlackTeamCountry "GER"]

1. d4 f5 2. Nc3 d5 3. Bf4 e6 4. e3 Nf6 5. Nf3 Nc6 6. Bd3 Bd6 7. Ne2 Qe7 8. c4
Bxf4 9. Nxf4 Qb4+ 10. Nd2 Qxb2 11. O-O Qa3 12. cxd5 exd5 13. Bb5 Bd7 14. Qc2
Qd6 15. Rfc1 g6 16. Nb3 Nd8 17. Bxd7+ Kxd7 18. Nc5+ Ke8 19. Rab1 b6 20. Ncd3 c6
21. Qa4 Nd7 22. Ne5 b5 23. Qa6 Nxe5 24. dxe5 Qxe5 25. Rxc6 Nxc6 26. Qxc6+ Kf7
27. Qb7+ Qe7 28. Qxd5+ Kg7 29. Ne6+ Kh6 30. e4 Rad8 31. Qb3 Qh4 32. exf5 Rd5
33. Qxd5 1-0

[Event "Bundesliga 0001"]
[Site "Deutschland"]
[Date "2001.04.01"]
[Round "13.5"]
[White "Knaak, Rainer"]
[Black "Duppel, Matthias"]
[Result "1-0"]
[WhiteElo "2513"]
[BlackElo "2376"]
[PlyCount "65"]
[EventDate "2000.10.14"]
[EventType "team"]
[EventRounds "15"]
[EventCountry "GER"]
[SourceTitle "Bundesliga 0001"]
[Source "DeepChess"]
[SourceDate "2005.01.01"]
[SourceVersion "1"]
[SourceVersionDate "2005.01.01"]
[SourceQuality "1"]
[WhiteTeam "SAbt SV Werder Bremen"]
[BlackTeam "SF 1982 Baiertal Schatthausen"]
[WhiteTeamCountry "GER"]
[BlackTeamCountry "GER"]

1. d4 e6 2. c4 Nf6 3. Nc3 Bb4 4. e3 O-O 5. Bd3 d5 6. Nf3 c5 7. O-O Nc6 8. a3
Bxc3 9. bxc3 Qc7 10. cxd5 exd5 11. Nh4 Re8 12. a4 Ng4 13. g3 g6 14. Re1 c4 15.
Bf1 f5 16. f3 Nf6 17. Ra2 Be6 18. e4 dxe4 19. Bg5 Nd5 20. Rc2 Bf7 21. fxe4 fxe4
22. Bxc4 Nb6 23. Bxf7+ Qxf7 24. c4 Nb4 25. Rf1 Qd7 26. Re2 Qxa4 27. Qb1 Nxc4
28. Rxe4 Rxe4 29. Qxe4 Qc6 30. Qf4 Qe8 31. Qc7 Nc6 32. d5 N6e5 33. Bf6 1-0

[Event "Bundesliga 0001"]
[Site "Deutschland"]
[Date "2001.04.01"]
[Round "13.6"]
[White "Meissner, Bernd Guenther"]
[Black "Pelletier, Yannick"]
[Result "1-0"]
[WhiteElo "2372"]
[BlackElo "2474"]
[PlyCount "115"]
[EventDate "2000.10.14"]
[EventType "team"]
[EventRounds "15"]
[EventCountry "GER"]
[SourceTitle "Bundesliga 0001"]
[Source "DeepChess"]
[SourceDate "2005.01.01"]
[SourceVersion "1"]
[SourceVersionDate "2005.01.01"]
[SourceQuality "1"]
[WhiteTeam "SF 1982 Baiertal Schatthausen"]
[BlackTeam "SAbt SV Werder Bremen"]
[WhiteTeamCountry "GER"]
[BlackTeamCountry "GER"]

1. d4 d5 2. c4 c6 3. Nf3 Nf6 4. Nc3 dxc4 5. a4 Bf5 6. Ne5 Na6 7. e3 e6 8. Bxc4
Nb4 9. O-O Bd6 10. Qe2 Bc7 11. Rd1 Qb8 12. e4 Bg6 13. Bf4 Nh5 14. Nxg6 Nxf4 15.
Nxf4 Bxf4 16. g3 Bd6 17. d5 e5 18. dxc6 Nxc6 19. Qd3 Nd4 20. Nb5 O-O 21. Nxd4
exd4 22. Qxd4 Be5 23. Qd7 a5 24. Ra3 Ra7 25. Rb3 Kh8 26. f4 Bc7 27. Qb5 Bd6 28.
Rbd3 Be7 29. Rd7 b6 30. Rxa7 Bc5+ 31. Kg2 Qxa7 32. Rd7 Qa8 33. Bd5 Qe8 34. Rxf7
Qxb5 35. Rxf8+ Bxf8 36. axb5 a4 37. e5 Bc5 38. Be4 Bd4 39. Bc2 Bxb2 40. Bxa4
Kg8 41. Bb3+ Kf8 42. Kf3 Ke7 43. Kg4 Bd4 44. Bg8 h6 45. h4 Bf2 46. h5 Be1 47.
Bc4 Bf2 48. Kf3 Be1 49. g4 Bd2 50. Ke4 Bc1 51. Kf5 Bd2 52. Bd5 Bc1 53. g5 hxg5
54. Kxg5 Bd2 55. Kg4 Bc3 56. Kf5 Bd2 57. Ke4 Bc3 58. h6 1-0

[Event "Bundesliga 0001"]
[Site "Deutschland"]
[Date "2001.04.01"]
[Round "13.7"]
[White "Joachim, Sven"]
[Black "Koch, Wolfgang Max"]
[Result "1-0"]
[WhiteElo "2445"]
[BlackElo "2335"]
[PlyCount "123"]
[EventDate "2000.10.14"]
[EventType "team"]
[EventRounds "15"]
[EventCountry "GER"]
[SourceTitle "Bundesliga 0001"]
[Source "DeepChess"]
[SourceDate "2005.01.01"]
[SourceVersion "1"]
[SourceVersionDate "2005.01.01"]
[SourceQuality "1"]
[WhiteTeam "SAbt SV Werder Bremen"]
[BlackTeam "SF 1982 Baiertal Schatthausen"]
[WhiteTeamCountry "GER"]
[BlackTeamCountry "GER"]

1. e4 d6 2. d4 Nf6 3. Bd3 g6 4. Nf3 Bg7 5. O-O O-O 6. c3 Nc6 7. h3 e5 8. Re1
Bd7 9. Na3 Nh5 10. Nc2 Qe8 11. b4 a6 12. Be3 Kh8 13. c4 Nxd4 14. Ncxd4 exd4 15.
Bxd4 Bxd4 16. Nxd4 Nf4 17. Bf1 Qe7 18. Nf3 f6 19. Qd2 Ne6 20. Nd4 Nxd4 21. Qxd4
a5 22. a3 Qe5 23. Rad1 Rfd8 24. Qe3 axb4 25. axb4 Ra4 26. f4 Qe7 27. e5 Re8 28.
Qd2 Qf8 29. exd6 Rxe1 30. Qxe1 cxd6 31. c5 d5 32. Rxd5 Bc6 33. Rd6 Kg7 34. b5
Be8 35. Kh2 Rxf4 36. Rd8 Rxf1 37. Qxf1 Bxb5 38. Rxf8 Bxf1 39. Rb8 Ba6 40. g4 g5
41. Rc8 Kg6 42. Rc7 h5 43. Kg3 hxg4 44. hxg4 Kh6 45. Kf2 Kg6 46. Ke3 Kh6 47.
Rf7 Kg6 48. Rd7 Kh6 49. Rd6 Bb5 50. Rxf6+ Kg7 51. Rd6 Bc6 52. Kd4 Bf3 53. Rb6
Bxg4 54. Rxb7+ Kf6 55. Rb6+ Kf5 56. Rd6 Kf4 57. c6 Bc8 58. c7 g4 59. Rd8 Be6
60. Rf8+ Kg3 61. Ke3 Kg2 62. c8=Q 1-0

[Event "Bundesliga 0001"]
[Site "Deutschland"]
[Date "2001.04.01"]
[Round "13.2"]
[White "Hertneck, Gerald"]
[Black "Kishnev, Sergey"]
[Result "1/2-1/2"]
[WhiteElo "2541"]
[BlackElo "2495"]
[PlyCount "100"]
[EventDate "2000.10.14"]
[EventType "team"]
[EventRounds "15"]
[EventCountry "GER"]
[SourceTitle "Bundesliga 0001"]
[Source "DeepChess"]
[SourceDate "2005.01.01"]
[SourceVersion "1"]
[SourceVersionDate "2005.01.01"]
[SourceQuality "1"]
[WhiteTeam "TV Tegernsee"]
[BlackTeam "SC Hassel KS Gelsenkirchen"]
[WhiteTeamCountry "GER"]
[BlackTeamCountry "GER"]

1. d4 d5 2. c4 e6 3. Nf3 Nf6 4. Nc3 Nbd7 5. cxd5 exd5 6. Bf4 c6 7. Qc2 Nh5 8.
Bg5 Be7 9. Bxe7 Qxe7 10. e3 Nb6 11. h3 g6 12. g4 Ng7 13. O-O-O Be6 14. Ne5
O-O-O 15. Na4 Nxa4 16. Qxa4 f6 17. Nd3 Kb8 18. Nc5 Bc8 19. Rd3 b6 20. Rb3 Ne6
21. Qxc6 Nxc5 22. Qxc5 Qe4 23. Rg1 Bb7 24. Qc2 Rc8 25. Rc3 Rxc3 26. bxc3 Qe7
27. Bd3 Rc8 28. Kd2 Qd6 29. Rg3 a5 30. h4 Rg8 31. Be2 Rg7 32. Rh3 Bc8 33. h5 g5
34. Rg3 h6 35. Bd3 Rc7 36. Bb5 Ka7 37. Qb1 Be6 38. Qb3 f5 39. gxf5 Bxf5 40. Bd3
Bxd3 41. Kxd3 Rf7 42. Ke2 Qf6 43. f3 Qf5 44. Kd2 g4 45. Rxg4 Qxf3 46. Qd1 Qh3
47. Rf4 Rxf4 48. exf4 Qh2+ 49. Qe2 Qxf4+ 50. Kc2 Qf5+ 1/2-1/2

[Event "Bundesliga 0001"]
[Site "Deutschland"]
[Date "2001.04.01"]
[Round "13.3"]
[White "Kalka, Arkadius Georg"]
[Black "Beim, Valery"]
[Result "1/2-1/2"]
[WhiteElo "2378"]
[BlackElo "2528"]
[PlyCount "28"]
[EventDate "2000.10.14"]
[EventType "team"]
[EventRounds "15"]
[EventCountry "GER"]
[SourceTitle "Bundesliga 0001"]
[Source "DeepChess"]
[SourceDate "2005.01.01"]
[SourceVersion "1"]
[SourceVersionDate "2005.01.01"]
[SourceQuality "1"]
[WhiteTeam "SC Hassel KS Gelsenkirchen"]
[BlackTeam "TV Tegernsee"]
[WhiteTeamCountry "GER"]
[BlackTeamCountry "GER"]

1. c4 e5 2. Nc3 Bb4 3. Nd5 Bc5 4. Nf3 c6 5. Nc3 Qe7 6. d4 exd4 7. Nxd4 Nf6 8.
Nf5 Qe5 9. Nxg7+ Kf8 10. f4 Ne4 11. Nxe4 Qxe4 12. Nh5 Qxc4 13. e3 Qe6 14. Kf2
d5 1/2-1/2

[Event "Bundesliga 0001"]
[Site "Deutschland"]
[Date "2001.04.01"]
[Round "13.4"]
[White "Teske, Henrik"]
[Black "Kotter, Ralf"]
[Result "1-0"]
[WhiteElo "2463"]
[BlackElo "2369"]
[PlyCount "103"]
[EventDate "2000.10.14"]
[EventType "team"]
[EventRounds "15"]
[EventCountry "GER"]
[SourceTitle "Bundesliga 0001"]
[Source "DeepChess"]
[SourceDate "2005.01.01"]
[SourceVersion "1"]
[SourceVersionDate "2005.01.01"]
[SourceQuality "1"]
[WhiteTeam "TV Tegernsee"]
[BlackTeam "SC Hassel KS Gelsenkirchen"]
[WhiteTeamCountry "GER"]
[BlackTeamCountry "GER"]

1. d4 Nf6 2. Bg5 Ne4 3. h4 c5 4. dxc5 Qa5+ 5. Nd2 Nxg5 6. hxg5 g6 7. Ngf3 Bg7
8. c3 Qxc5 9. e3 Nc6 10. Bd3 d6 11. Qc2 Be6 12. Nb3 Qb6 13. Nfd4 Bd7 14. Nxc6
bxc6 15. O-O-O a5 16. Nd2 Be6 17. a3 a4 18. Rh4 Bb3 19. Nxb3 axb3 20. Qd2 Qc5
21. Rc4 Qxg5 22. Be4 O-O 23. Bxc6 Ra5 24. f4 Qf5 25. Qd3 Qg4 26. Bf3 Qd7 27.
Rb4 Rc8 28. Rxb3 Rac5 29. Kb1 Qa4 30. Ka2 Qa5 31. Bb7 Rb8 32. Qa6 Qc7 33. Bd5
Rxb3 34. Bxb3 Bf6 35. Qd3 Qb7 36. g4 Bg7 37. g5 Qb6 38. Rd2 Bf8 39. e4 e6 40.
Rh2 Rb5 41. Bc4 Rc5 42. Qh3 Bg7 43. Bb3 Rb5 44. Bxe6 fxe6 45. Qxe6+ Kf8 46.
Qc8+ Kf7 47. f5 gxf5 48. exf5 Qb7 49. Qe6+ Kf8 50. f6 Qd5+ 51. Qxd5 Rxd5 52.
Rxh7 1-0

[Event "Bundesliga 0001"]
[Site "Deutschland"]
[Date "2001.04.01"]
[Round "13.5"]
[White "Meessen, Rudolf"]
[Black "Gross, David2"]
[Result "1-0"]
[WhiteElo "2306"]
[BlackElo "2484"]
[PlyCount "63"]
[EventDate "2000.10.14"]
[EventType "team"]
[EventRounds "15"]
[EventCountry "GER"]
[SourceTitle "Bundesliga 0001"]
[Source "DeepChess"]
[SourceDate "2005.01.01"]
[SourceVersion "1"]
[SourceVersionDate "2005.01.01"]
[SourceQuality "1"]
[WhiteTeam "SC Hassel KS Gelsenkirchen"]
[BlackTeam "TV Tegernsee"]
[WhiteTeamCountry "GER"]
[BlackTeamCountry "GER"]

1. d4 Nf6 2. c4 e6 3. Nc3 Bb4 4. Bg5 c5 5. d5 h6 6. Bh4 Bxc3+ 7. bxc3 d6 8. e3
Qe7 9. Bd3 e5 10. Ne2 g5 11. Bg3 e4 12. Bc2 Nbd7 13. h4 Rg8 14. hxg5 hxg5 15.
Qb1 Kd8 16. a4 Nf8 17. a5 Ng6 18. Kd2 Ne5 19. Qb3 Rb8 20. Raf1 Bg4 21. Rh6 Bxe2
22. Kxe2 Neg4 23. Rhh1 Nd7 24. Rh7 Nf8 25. Rhh1 f5 26. Qb5 Nd7 27. Ba4 Nge5 28.
Rh6 Nf8 29. Bxe5 dxe5 30. d6 Qd7 31. Qxc5 Qc8 32. Qd5 1-0

[Event "Bundesliga 0001"]
[Site "Deutschland"]
[Date "2001.04.01"]
[Round "13.6"]
[White "Kachiani Gersinska, Ketino"]
[Black "Ahn, Martin"]
[Result "1/2-1/2"]
[WhiteElo "2448"]
[BlackElo "2265"]
[PlyCount "47"]
[EventDate "2000.10.14"]
[EventType "team"]
[EventRounds "15"]
[EventCountry "GER"]
[SourceTitle "Bundesliga 0001"]
[Source "DeepChess"]
[SourceDate "2005.01.01"]
[SourceVersion "1"]
[SourceVersionDate "2005.01.01"]
[SourceQuality "1"]
[WhiteTeam "TV Tegernsee"]
[BlackTeam "SC Hassel KS Gelsenkirchen"]
[WhiteTeamCountry "GER"]
[BlackTeamCountry "GER"]

1. d4 Nf6 2. c4 g6 3. Nc3 Bg7 4. e4 d6 5. Be2 O-O 6. Bg5 Na6 7. h4 e5 8. d5 c6
9. h5 h6 10. Be3 cxd5 11. cxd5 Nc5 12. Qc2 Qa5 13. Bd2 Bd7 14. Rb1 Qb6 15. Be3
a5 16. hxg6 fxg6 17. Qd2 h5 18. f3 a4 19. Nh3 Qa5 20. Bh6 b5 21. Bxg7 Kxg7 22.
Nf2 b4 23. Ncd1 Bb5 24. Bxb5 1/2-1/2

[Event "Bundesliga 0001"]
[Site "Deutschland"]
[Date "2001.04.01"]
[Round "13.7"]
[White "Hille, Ralph Ingo"]
[Black "Pezerovic, Edin"]
[Result "1/2-1/2"]
[WhiteElo "2244"]
[BlackElo "2426"]
[PlyCount "118"]
[EventDate "2000.10.14"]
[EventType "team"]
[EventRounds "15"]
[EventCountry "GER"]
[SourceTitle "Bundesliga 0001"]
[Source "DeepChess"]
[SourceDate "2005.01.01"]
[SourceVersion "1"]
[SourceVersionDate "2005.01.01"]
[SourceQuality "1"]
[WhiteTeam "SC Hassel KS Gelsenkirchen"]
[BlackTeam "TV Tegernsee"]
[WhiteTeamCountry "GER"]
[BlackTeamCountry "GER"]

1. d4 Nf6 2. c4 e6 3. Nf3 Bb4+ 4. Nbd2 d5 5. Qc2 O-O 6. g3 c5 7. dxc5 Bxc5 8.
Nb3 Bb4+ 9. Bd2 Bxd2+ 10. Nbxd2 d4 11. Bg2 Nc6 12. O-O e5 13. Rfd1 Qe7 14. e4
dxe3 15. fxe3 Ng4 16. Nf1 e4 17. Nd4 f5 18. a3 Nce5 19. h3 Nf6 20. b4 Be6 21.
c5 g6 22. Nxe6 Qxe6 23. Rd6 Qf7 24. Nd2 Ne8 25. Rd4 Nc6 26. Rc4 Nc7 27. Bf1 Qf6
28. Re1 Rfd8 29. a4 a6 30. Be2 Kg7 31. Rf1 Qe5 32. Kg2 Rd7 33. Rd1 a5 34. b5
Nb4 35. Qb3 Rad8 36. Nf1 Rxd1 37. Bxd1 Nd3 38. c6 bxc6 39. Rxc6 Nd5 40. Be2
N5b4 41. Re6 Qc5 42. h4 Nd5 43. Bxd3 exd3 44. Rc6 Qe7 45. Kh2 Nxe3 46. Nxe3
Qxe3 47. Rc7+ Kh6 48. Qf7 Qe2+ 49. Kh3 Qg4+ 50. Kh2 Qe2+ 51. Kh3 Qf1+ 52. Kh2
Qe2+ 53. Kh3 Qg4+ 54. Kh2 Qe2+ 55. Kh3 Qf1+ 56. Kh2 Rh8 57. Qg7+ Kh5 58. Qxh8
Qe2+ 59. Kh3 Qf1+ 1/2-1/2

[Event "Bundesliga 0001"]
[Site "Deutschland"]
[Date "2001.04.01"]
[Round "13.8"]
[White "Bromberger, Stefan"]
[Black "Wiechen, Ulrich"]
[Result "1-0"]
[WhiteElo "2375"]
[BlackElo "2029"]
[PlyCount "67"]
[EventDate "2000.10.14"]
[EventType "team"]
[EventRounds "15"]
[EventCountry "GER"]
[SourceTitle "Bundesliga 0001"]
[Source "DeepChess"]
[SourceDate "2005.01.01"]
[SourceVersion "1"]
[SourceVersionDate "2005.01.01"]
[SourceQuality "1"]
[WhiteTeam "TV Tegernsee"]
[BlackTeam "SC Hassel KS Gelsenkirchen"]
[WhiteTeamCountry "GER"]
[BlackTeamCountry "GER"]

1. d4 Nf6 2. c4 e6 3. Nc3 Bb4 4. Qc2 c5 5. dxc5 O-O 6. a3 Bxc5 7. Nf3 Nc6 8.
Bg5 Qa5 9. e3 Bb4 10. Bd3 Bxc3+ 11. bxc3 h6 12. Bxf6 gxf6 13. O-O b6 14. Nd4 a6
15. f4 Bb7 16. Nb3 Qa4 17. Qd1 Rfd8 18. Qg4+ Kf8 19. Nd4 Qa5 20. Rac1 Qc5 21.
Rfd1 Ke7 22. Qe2 Rg8 23. g3 h5 24. Nb3 Qxa3 25. Bc2 Kf8 26. c5 Na5 27. Ra1 Qb2
28. Nxa5 bxa5 29. Rab1 Qxc3 30. Rxb7 Qxc5 31. Rdxd7 Rg7 32. Qd2 Re8 33. Rd8 Qc6
34. Rbb8 1-0

[Event "Bundesliga 0001"]
[Site "Deutschland"]
[Date "2001.04.01"]
[Round "13.4"]
[White "Kindermann, Stefan"]
[Black "Huebner, Robert"]
[Result "1/2-1/2"]
[WhiteElo "2519"]
[BlackElo "2615"]
[PlyCount "35"]
[EventDate "2000.10.14"]
[EventType "team"]
[EventRounds "15"]
[EventCountry "GER"]
[SourceTitle "Bundesliga 0001"]
[Source "DeepChess"]
[SourceDate "2005.01.01"]
[SourceVersion "1"]
[SourceVersionDate "2005.01.01"]
[SourceQuality "1"]
[WhiteTeam "SK Koenig Plauen"]
[BlackTeam "SG 1868 Aljech. Solingen"]
[WhiteTeamCountry "GER"]
[BlackTeamCountry "GER"]

1. e4 e6 2. d4 d5 3. e5 c5 4. c3 Nc6 5. Nf3 Qb6 6. a3 Bd7 7. b4 cxd4 8. cxd4
Rc8 9. Be3 Nge7 10. Bd3 Nf5 11. O-O Be7 12. Nbd2 O-O 13. Nb3 Nxe3 14. fxe3 Qd8
15. Nc5 b6 16. Nxd7 Qxd7 17. Bb5 Qb7 18. Rc1 1/2-1/2

[Event "Bundesliga 0001"]
[Site "Deutschland"]
[Date "2001.04.01"]
[Round "13.5"]
[White "Emms, John M"]
[Black "Schaller, Sven"]
[Result "1-0"]
[WhiteElo "2527"]
[BlackElo "2334"]
[PlyCount "75"]
[EventDate "2000.10.14"]
[EventType "team"]
[EventRounds "15"]
[EventCountry "GER"]
[SourceTitle "Bundesliga 0001"]
[Source "DeepChess"]
[SourceDate "2005.01.01"]
[SourceVersion "1"]
[SourceVersionDate "2005.01.01"]
[SourceQuality "1"]
[WhiteTeam "SG 1868 Aljech. Solingen"]
[BlackTeam "SK Koenig Plauen"]
[WhiteTeamCountry "GER"]
[BlackTeamCountry "GER"]

1. e4 e6 2. d4 d5 3. Nd2 c5 4. Ngf3 Nc6 5. exd5 exd5 6. Bb5 Bd6 7. dxc5 Bxc5 8.
O-O Nge7 9. Nb3 Bd6 10. Re1 O-O 11. Bg5 Bg4 12. Bh4 Re8 13. Bg3 a6 14. Bd3 h6
15. c3 Qd7 16. Bc2 Rac8 17. Qd3 Bf5 18. Qd2 Bxc2 19. Qxc2 Red8 20. Rad1 Qc7 21.
Nbd4 Qb6 22. Bxd6 Rxd6 23. Re2 Qd8 24. g3 g6 25. Qd2 Kg7 26. h4 h5 27. Rde1 Ng8
28. Ng5 Qf6 29. Nxc6 Rcxc6 30. Re5 d4 31. cxd4 Rc4 32. d5 Rc5 33. f4 Qd8 34.
Qd4 f6 35. Qxc5 fxe5 36. Ne6+ Rxe6 37. dxe6 exf4 38. e7 1-0

[Event "Bundesliga 0001"]
[Site "Deutschland"]
[Date "2001.04.01"]
[Round "13.7"]
[White "Naumann, Alexander"]
[Black "Hackel, Mario"]
[Result "1-0"]
[WhiteElo "2489"]
[BlackElo "2338"]
[PlyCount "67"]
[EventDate "2000.10.14"]
[EventType "team"]
[EventRounds "15"]
[EventCountry "GER"]
[SourceTitle "Bundesliga 0001"]
[Source "DeepChess"]
[SourceDate "2005.01.01"]
[SourceVersion "1"]
[SourceVersionDate "2005.01.01"]
[SourceQuality "1"]
[WhiteTeam "SG 1868 Aljech. Solingen"]
[BlackTeam "SK Koenig Plauen"]
[WhiteTeamCountry "GER"]
[BlackTeamCountry "GER"]

1. e4 g6 2. d4 Bg7 3. Nc3 d6 4. Bg5 h6 5. Bh4 a6 6. Qd2 Nc6 7. Nge2 Nf6 8.
O-O-O b5 9. f3 Rb8 10. Bf2 e6 11. g4 h5 12. g5 Ng8 13. h4 Nge7 14. Ng3 Bd7 15.
Bh3 Qc8 16. Nce2 b4 17. Rde1 Na5 18. f4 Rb5 19. f5 e5 20. Qd3 Nec6 21. d5 Nd8
22. Kb1 Nab7 23. c4 bxc3 24. Nxc3 Nc5 25. Bxc5 Rxc5 26. f6 Bxh3 27. fxg7 Rg8
28. Nxh5 gxh5 29. Rxh3 Rxg7 30. Ka1 Rc4 31. Rg3 Rd4 32. Qf3 Rg8 33. Qxh5 Qd7
34. Rf1 1-0

[Event "Bundesliga 0001"]
[Site "Deutschland"]
[Date "2001.04.01"]
[Round "13.8"]
[White "Haskamp, Stephan"]
[Black "Schaefer, Markus"]
[Result "1/2-1/2"]
[WhiteElo "2290"]
[BlackElo "2393"]
[PlyCount "66"]
[EventDate "2000.10.14"]
[EventType "team"]
[EventRounds "15"]
[EventCountry "GER"]
[SourceTitle "Bundesliga 0001"]
[Source "DeepChess"]
[SourceDate "2005.01.01"]
[SourceVersion "1"]
[SourceVersionDate "2005.01.01"]
[SourceQuality "1"]
[WhiteTeam "SK Koenig Plauen"]
[BlackTeam "SG 1868 Aljech. Solingen"]
[WhiteTeamCountry "GER"]
[BlackTeamCountry "GER"]

1. e4 e6 2. d3 c5 3. Nf3 Nc6 4. g3 g6 5. d4 cxd4 6. Nxd4 a6 7. Bg2 Bg7 8. Nxc6
dxc6 9. Qxd8+ Kxd8 10. Nd2 b5 11. a4 e5 12. Nb3 Nf6 13. Bd2 Bf8 14. Ba5+ Ke8
15. O-O Be6 16. Nc1 Nd7 17. Rd1 f6 18. Nd3 c5 19. axb5 axb5 20. Be1 Rxa1 21.
Rxa1 Kf7 22. Ra5 b4 23. b3 Be7 24. Nb2 Nb8 25. Nd1 Nc6 26. Ra6 Nd4 27. Ne3 Rd8
28. Kf1 f5 29. f4 exf4 30. gxf4 fxe4 31. Bxe4 Bh3+ 32. Bg2 Nf5 33. Nc4 Bxg2+
1/2-1/2

[Event "Bundesliga 0001"]
[Site "Deutschland"]
[Date "2001.04.01"]
[Round "13.1"]
[White "Lutz, Christopher"]
[Black "Rabiega, Robert"]
[Result "1/2-1/2"]
[WhiteElo "2595"]
[BlackElo "2487"]
[PlyCount "43"]
[EventDate "2000.10.14"]
[EventType "team"]
[EventRounds "15"]
[EventCountry "GER"]
[SourceTitle "Bundesliga 0001"]
[Source "DeepChess"]
[SourceDate "2005.01.01"]
[SourceVersion "1"]
[SourceVersionDate "2005.01.01"]
[SourceQuality "1"]
[WhiteTeam "SG Porz e.V."]
[BlackTeam "SK Koenig Tegel 1949 e.V. "]
[WhiteTeamCountry "GER"]
[BlackTeamCountry "GER"]

1. e4 c5 2. Nf3 e6 3. d4 cxd4 4. Nxd4 Nf6 5. Nc3 Nc6 6. Ndb5 Bb4 7. a3 Bxc3+ 8.
Nxc3 d5 9. Bd3 d4 10. Ne2 e5 11. O-O O-O 12. Ng3 Bg4 13. f3 Be6 14. f4 exf4 15.
Bxf4 Nd7 16. Qh5 g6 17. Qb5 Qb6 18. Rad1 Rac8 19. Bh6 Qxb5 20. Bxb5 Rfe8 21.
Bf4 a6 22. Bxc6 1/2-1/2

[Event "Bundesliga 0001"]
[Site "Deutschland"]
[Date "2001.04.01"]
[Round "13.8"]
[White "Lorenz, Sascha"]
[Black "Nijboer, Friso"]
[Result "1-0"]
[WhiteElo "2298"]
[BlackElo "2537"]
[PlyCount "83"]
[EventDate "2000.10.14"]
[EventType "team"]
[EventRounds "15"]
[EventCountry "GER"]
[SourceTitle "Bundesliga 0001"]
[Source "DeepChess"]
[SourceDate "2005.01.01"]
[SourceVersion "1"]
[SourceVersionDate "2005.01.01"]
[SourceQuality "1"]
[WhiteTeam "SK Koenig Tegel 1949 e.V. "]
[BlackTeam "SG Porz e.V."]
[WhiteTeamCountry "GER"]
[BlackTeamCountry "GER"]

1. e4 c5 2. Nc3 Nc6 3. f4 e6 4. Nf3 d5 5. Bb5 Nf6 6. Ne5 Qc7 7. Qf3 a6 8. Bxc6+
bxc6 9. O-O Bd6 10. d3 O-O 11. Bd2 a5 12. Rae1 Ba6 13. Ng4 Nxg4 14. Qxg4 dxe4
15. Qh3 f5 16. Rf2 exd3 17. cxd3 Rae8 18. b3 Bc8 19. Na4 e5 20. Rfe2 Bd7 21.
Qh4 exf4 22. Rxe8 Rxe8 23. Rxe8+ Bxe8 24. Qe1 Bf7 25. Bxa5 Qb8 26. Qh4 h6 27.
Qd8+ Qxd8 28. Bxd8 Bd5 29. Bb6 f3 30. Bxc5 Bc7 31. Nc3 fxg2 32. Nxd5 cxd5 33.
b4 Kf7 34. a4 Ke6 35. a5 Kd7 36. a6 Kc8 37. b5 Kb8 38. b6 Be5 39. Kxg2 g5 40.
d4 Bf4 41. Bf8 g4 42. Bg7 1-0